000 00206nam a22000857a 4500
008 170621b xxu||||| |||| 00| 0 eng d
100 _93614
_aArora. S
245 _aComputer Science XII
260 _aNew Delhi
_c1988
999 _c7002
_d7002